000 00292nam a2200121Ia 4500
008 241002s9999 xx 000 0 und d
082 _a070.40954 WOL
100 _aWolscle, Roland E.
245 0 _aJournalism in Modern India
260 _aBombay:
_c1954
600 _aJournalism
942 _cUC
999 _c18546
_d18546